Introduction by the guest editor

Elmentve itt :
Bibliográfiai részletek
Szerző: Kovács Ágnes Zsófia
Dokumentumtípus: Cikk
Megjelent: 2016
Sorozat:Americana : E-Journal of American Studies in Hungary 12 No. 2
Kulcsszavak:Amerikanisztika
Online Access:http://acta.bibl.u-szeged.hu/56733
LEADER 00630nab a2200169 i 4500
001 acta56733
005 20260224081030.0
008 190123s2016 hu o 000 hun d
022 |a 1787-4637 
040 |a SZTE Egyetemi Kiadványok Repozitórium  |b hun 
041 |a hun 
100 1 |a Kovács Ágnes Zsófia 
245 1 0 |a Introduction by the guest editor  |h [elektronikus dokumentum] /  |c  Kovács Ágnes Zsófia 
260 |c 2016 
490 0 |a Americana : E-Journal of American Studies in Hungary  |v 12 No. 2 
695 |a Amerikanisztika 
856 4 0 |u http://acta.bibl.u-szeged.hu/56733/2/americana_012_002_015/kazs-james-intro.html  |z Dokumentum-elérés